[Event "HUN-chT2 Asztalos 1617"]
[Site "Hungary"]
[Date "2016.11.27"]
[Round "5.4"]
[White "Jeszenszky, Jozsef"]
[Black "Kadlicsko, Jozsef"]
[Result "1-0"]
[WhiteElo "2085"]
[BlackElo "2122"]
[PlyCount "89"]
[EventDate "2016.09.25"]
[EventType "team-tourn"]
[EventRounds "11"]
[EventCountry "HUN"]
[SourceTitle "EXT 2021"]
[Source "ChessBase"]
[SourceDate "2020.10.23"]
[SourceVersion "1"]
[SourceVersionDate "2020.10.23"]
[SourceQuality "1"]
[WhiteTeam "Szentlorinc"]
[BlackTeam "Fehervar"]
[WhiteTeamCountry "HUN"]
[BlackTeamCountry "HUN"]

1. e4 c5 2. Nf3 d6 3. d4 cxd4 4. Nxd4 Nf6 5. Nc3 a6 6. Be2 e5 7. Nb3 Be6 8. 0-0 Qc7 9. Kh1 Be7 10. f4 h5 11. f5 Bc4 12. Bg5 Nbd7 13. Bxc4 Qxc4 14. Qf3 0-0-0 15. a3 Kb8 16. Rfd1 Rc8 17. Rd3 h4 18. Nd2 Qc7 19. Nf1 d5 20. Bxf6 dxe4 21. Bxe7 exd3 22. Qxd3 Qc6 23. Qd6+ Ka8 24. Qxc6 Rxc6 25. Rd1 Nb6 26. Ne3 h3 27. g3 Nc4 28. Nxc4 Rxc4 29. Rd8+ Rxd8 30. Bxd8 b5 31. Kg1 Rd4 32. Bg5 a5 33. Be3 Rc4 34. Nxb5 Rxc2 35. b4 axb4 36. axb4 Rg2+ 37. Kh1 Rb2 38. Nc7+ Kb7 39. Ne8 g5 40. Nd6+ Kc6 41. Nxf7 Rb1+ 42. Bg1 e4 43. b5+ Kd5 44. Nxg5 e3 45. Nxh3 1-0

[Event "HUN-chT2 Asztalos 1617"]
[Site "Hungary"]
[Date "2016.09.25"]
[Round "1.4"]
[White "Horvath, Balazs1111"]
[Black "Jeszenszky, Jozsef"]
[Result "1/2-1/2"]
[WhiteElo "1996"]
[BlackElo "2100"]
[PlyCount "88"]
[EventDate "2016.09.25"]
[EventType "team-tourn"]
[EventRounds "11"]
[EventCountry "HUN"]
[SourceTitle "EXT 2021"]
[Source "ChessBase"]
[SourceDate "2020.10.23"]
[SourceVersion "1"]
[SourceVersionDate "2020.10.23"]
[SourceQuality "1"]
[WhiteTeam "Decs 1990 II"]
[BlackTeam "Szentlorinc"]
[WhiteTeamCountry "HUN"]
[BlackTeamCountry "HUN"]

1. g4 d5 2. Bg2 c6 3. h3 e5 4. d4 e4 5. c4 Bd6 6. Nc3 Ne7 7. Qb3 Na6 8. Bd2 Bc7 9. cxd5 cxd5 10. Qb5+ Qd7 11. Qxd7+ Bxd7 12. f3 Bg3+ 13. Kd1 f5 14. gxf5 e3 15. Bxe3 Nxf5 16. Bd2 Bf2 17. Bf4 Bxd4 18. e4 g5 19. exf5 gxf4 20. Nge2 Be5 21. Nxd5 Bxf5 22. Ke1 Kf7 23. Ndxf4 Rad8 24. Rd1 Rxd1+ 25. Kxd1 Bxb2 26. Ng3 Rd8+ 27. Ke2 Bc2 28. Ne4 Nb4 29. a3 Nd3 30. Nxd3 Bxd3+ 31. Ke3 Bc2 32. Bf1 Bxe4 33. fxe4 Bxa3 34. Bc4+ Kf6 35. Rf1+ Kg6 36. Bf7+ Kg7 37. Bd5 Bc5+ 38. Ke2 b5 39. Rf7+ Kg6 40. Rb7 Bb6 41. Kd3 Rd6 42. Kc3 a5 43. Bg8 h6 44. Re7 Bd4+ 1/2-1/2

[Event "HUN-chT2 Asztalos 1516"]
[Site "Hungary"]
[Date "2016.03.20"]
[Round "9.5"]
[White "Jeszenszky, Jozsef"]
[Black "Varga, Zsolt"]
[Result "1-0"]
[WhiteElo "2049"]
[BlackElo "2006"]
[PlyCount "39"]
[EventDate "2015.09.13"]
[EventType "team-tourn"]
[EventRounds "11"]
[EventCountry "HUN"]
[SourceTitle "EXT 2017"]
[Source "ChessBase"]
[SourceDate "2016.10.25"]
[SourceVersion "1"]
[SourceVersionDate "2016.10.25"]
[SourceQuality "1"]
[WhiteTeam "Szentlorinc"]
[BlackTeam "Pecs Karmin"]
[WhiteTeamCountry "HUN"]
[BlackTeamCountry "HUN"]

1. e4 c5 2. Nf3 d6 3. d4 cxd4 4. Nxd4 g6 5. Be3 Bg7 6. Nc3 Nf6 7. f3 Nc6 8. Qd2 h5 9. 0-0-0 Bd7 10. Be2 Qa5 11. Kb1 Nxd4 12. Bxd4 Bc6 13. Bc4 Qc7 14. Bb3 0-0 15. h3 Kh7 16. g4 e5 17. Be3 Ne8 18. Rhg1 Qe7 19. gxh5 gxh5 20. Rg5 1-0

[Event "HUN-chT2 Asztalos 1516"]
[Site "Hungary"]
[Date "2015.12.06"]
[Round "6.4"]
[White "Jeszenszky, Jozsef"]
[Black "Szunyogh, Istvan"]
[Result "1-0"]
[WhiteElo "2011"]
[BlackElo "1876"]
[PlyCount "89"]
[EventDate "2015.09.13"]
[EventType "team-tourn"]
[EventRounds "11"]
[EventCountry "HUN"]
[SourceTitle "CBM 170 Extra"]
[Source "ChessBase"]
[SourceDate "2016.02.25"]
[SourceVersion "1"]
[SourceVersionDate "2016.02.25"]
[SourceQuality "1"]
[WhiteTeam "Szentlorinc"]
[BlackTeam "Pet"]
[WhiteTeamCountry "HUN"]
[BlackTeamCountry "HUN"]

1. e4 c5 2. Nf3 Nc6 3. d4 cxd4 4. Nxd4 Nf6 5. Nc3 d6 6. f3 g6 7. Be3 a6 8. Qd2 Bg7 9. 0-0-0 0-0 10. g4 Qa5 11. Kb1 Nxd4 12. Bxd4 Be6 13. Nd5 Qd8 14. Nxf6+ Bxf6 15. Bxf6 exf6 16. h4 Qc7 17. Qd4 Rfc8 18. Bd3 Qa5 19. a3 Qe5 20. Qe3 Kg7 21. Qd2 Rd8 22. f4 Qc5 23. f5 Bc4 24. g5 Bxd3 25. gxf6+ Kxf6 26. Qg5+ Kg7 27. Rxd3 Qe5 28. Qg2 d5 29. exd5 Qxf5 30. Rf1 Qd7 31. Qf3 f5 32. h5 Rf8 33. Qf4 Rad8 34. Rg1 Qd6 35. Qd4+ Qf6 36. hxg6 hxg6 37. Qf4 Qd6 38. Qd4+ Qf6 39. Qf4 Rh8 40. Rdg3 Rh6 41. Qc7+ Kh8 42. Rxg6 Rxg6 43. Rxg6 Qxg6 44. Qxd8+ Kg7 45. d6 1-0

[Event "HUN-chT2 Asztalos 1516"]
[Site "Hungary"]
[Date "2015.10.18"]
[Round "3.5"]
[White "Jeszenszky, Jozsef"]
[Black "Csire, Bence"]
[Result "1/2-1/2"]
[WhiteElo "1979"]
[BlackElo "2066"]
[PlyCount "73"]
[EventDate "2015.09.13"]
[EventType "team-tourn"]
[EventRounds "11"]
[EventCountry "HUN"]
[SourceTitle "CBM 170 Extra"]
[Source "ChessBase"]
[SourceDate "2016.02.25"]
[SourceVersion "1"]
[SourceVersionDate "2016.02.25"]
[SourceQuality "1"]
[WhiteTeam "Szentlorinc"]
[BlackTeam "Fehervar"]
[WhiteTeamCountry "HUN"]
[BlackTeamCountry "HUN"]

1. e4 e5 2. Nf3 Nc6 3. Bc4 Bc5 4. c3 Nf6 5. d4 exd4 6. cxd4 Bb4+ 7. Nc3 Nxe4 8. 0-0 Bxc3 9. d5 Bf6 10. Re1 Ne7 11. Rxe4 d6 12. Bg5 Bxg5 13. Nxg5 0-0 14. Nxh7 Kxh7 15. Qh5+ Kg8 16. Rh4 f5 17. Re1 Ng6 18. Rh3 Nf4 19. Qh7+ Kf7 20. Rg3 Qf6 21. Rxg7+ Qxg7 22. Re7+ Kxe7 23. Qxg7+ Rf7 24. Qg5+ Kf8 25. Qxf4 Bd7 26. Qh6+ Kg8 27. h4 Re8 28. h5 Re1+ 29. Kh2 Re4 30. Bb3 Rh4+ 31. Kg1 Rg4 32. Bd1 Rh7 33. Qf6 Re4 34. Bf3 Re1+ 35. Kh2 Re5 36. h6 Be8 37. Qg5+ 1/2-1/2

[Event "HUN-chT2 Asztalos 1516"]
[Site "Hungary"]
[Date "2015.10.04"]
[Round "2.5"]
[White "Pap, Bela"]
[Black "Jeszenszky, Jozsef"]
[Result "0-1"]
[WhiteElo "1633"]
[BlackElo "1979"]
[PlyCount "70"]
[EventDate "2015.09.13"]
[EventType "team-tourn"]
[EventRounds "11"]
[EventCountry "HUN"]
[SourceTitle "CBM 170 Extra"]
[Source "ChessBase"]
[SourceDate "2016.02.25"]
[SourceVersion "1"]
[SourceVersionDate "2016.02.25"]
[SourceQuality "1"]
[WhiteTeam "Sarosd"]
[BlackTeam "Szentlorinc"]
[WhiteTeamCountry "HUN"]
[BlackTeamCountry "HUN"]

1. e4 e6 2. d4 d5 3. Nc3 Bb4 4. exd5 exd5 5. Nf3 Ne7 6. Be2 Nbc6 7. 0-0 Bg4 8. Re1 Qd7 9. Bf4 0-0-0 10. a3 Bd6 11. Ne5 Bxe2 12. Rxe2 Bxe5 13. dxe5 Qf5 14. Bg3 d4 15. Ne4 Nxe5 16. Qe1 N5c6 17. b4 Nd5 18. b5 Nce7 19. Qa5 Kb8 20. Nc5 b6 21. Na6+ Kb7 22. Qe1 Ng6 23. a4 Nc3 24. Rd2 Rhe8 25. Qf1 Ne4 26. Qc4 Ne5 27. Bxe5 Qxe5 28. Qc6+ Kc8 29. Re2 Qd6 30. Qa8+ Kd7 31. Nb8+ Rxb8 32. Qxa7 Qd5 33. f3 Ra8 34. fxe4 Rxa7 35. exd5 Rxe2 0-1

[Event "HUN-chT2 Asztalos 1415"]
[Site "Hungary"]
[Date "2015.01.25"]
[Round "5"]
[White "Jeszenszky, Jozsef"]
[Black "Varga, Richard"]
[Result "0-1"]
[WhiteElo "1954"]
[BlackElo "2036"]
[PlyCount "80"]
[EventDate "2014.10.12"]
[EventType "team-tourn"]
[EventRounds "9"]
[EventCountry "HUN"]
[SourceTitle "EXT 2016"]
[Source "ChessBase"]
[SourceDate "2015.10.08"]
[SourceVersion "1"]
[SourceVersionDate "2015.10.08"]
[SourceQuality "1"]
[WhiteTeam "Szentlorinc"]
[BlackTeam "Nagyatad"]
[WhiteTeamCountry "HUN"]
[BlackTeamCountry "HUN"]

1. e4 c5 2. Nf3 d6 3. d4 cxd4 4. Nxd4 Nf6 5. Nc3 g6 6. Be3 Bg7 7. f3 0-0 8. Qd2 Nc6 9. g4 Nxd4 10. Bxd4 Be6 11. h4 Qa5 12. h5 Rac8 13. a3 Bc4 14. 0-0-0 Bxf1 15. Rdxf1 Rc4 16. Rd1 Nxe4 17. fxe4 Rxd4 18. Qe3 Qc5 19. Rxd4 Bxd4 20. Qh3 Qg5+ 21. Kb1 Bxc3 22. Qxc3 Qe5 23. Qxe5 dxe5 24. Rd1 Rb8 25. b4 Kg7 26. h6+ Kxh6 27. Rd7 Kg5 28. Rxe7 Kxg4 29. Rxf7 h5 30. Kc1 h4 31. Kd2 h3 32. Rh7 g5 33. Ke2 Kg3 34. Rf7 g4 35. c4 h2 36. Rf1 Rd8 37. c5 Kg2 38. Rf2+ Kh3 39. Rf1 g3 40. c6 bxc6 0-1

[Event "Balaton op 32nd"]
[Site "Balatonboglar"]
[Date "2014.06.16"]
[Round "3"]
[White "Jeszenszky, Jozsef"]
[Black "Szabo, Zsolt2222"]
[Result "0-1"]
[WhiteElo "1958"]
[BlackElo "2303"]
[PlyCount "50"]
[EventDate "2014.06.14"]
[EventType "swiss"]
[EventRounds "9"]
[EventCountry "HUN"]
[SourceTitle "EXT 2015"]
[Source "ChessBase"]
[SourceDate "2014.11.20"]
[SourceVersion "1"]
[SourceVersionDate "2014.11.20"]
[SourceQuality "1"]

1. e4 d6 2. d4 Nf6 3. Nc3 g6 4. Be2 Bg7 5. g4 Nc6 6. Be3 e5 7. d5 Nd4 8. f3 0-0 9. Qd2 c6 10. 0-0-0 Qa5 11. h4 cxd5 12. Bh6 Be6 13. h5 Rac8 14. Bxg7 Kxg7 15. hxg6 fxg6 16. Qh6+ Kg8 17. exd5 Bxd5 18. Nxd5 Rxc2+ 19. Kb1 Qxd5 20. Rxd4 Rxb2+ 21. Kxb2 Qxd4+ 22. Kb1 Rc8 23. Nh3 Qb4+ 24. Ka1 Rc2 25. Bc4+ Qxc4 0-1

[Event "HUN-chT2 Asztalos 1314"]
[Site "Hungary"]
[Date "2014.04.13"]
[Round "8"]
[White "Jeszenszky, Jozsef"]
[Black "Toth, Zsolt"]
[Result "1/2-1/2"]
[WhiteElo "1969"]
[BlackElo "1885"]
[PlyCount "48"]
[EventDate "2013.09.08"]
[EventType "team-tourn"]
[EventRounds "9"]
[EventCountry "HUN"]
[SourceTitle "EXT 2016"]
[Source "ChessBase"]
[SourceDate "2015.10.08"]
[SourceVersion "1"]
[SourceVersionDate "2015.10.08"]
[SourceQuality "1"]
[WhiteTeam "Szentlorinc"]
[BlackTeam "Pecs Karmin"]
[WhiteTeamCountry "HUN"]
[BlackTeamCountry "HUN"]

1. Nf3 d5 2. g3 g6 3. Bg2 Bg7 4. 0-0 Nf6 5. d3 0-0 6. Nbd2 Nbd7 7. e4 dxe4 8. dxe4 Ne8 9. Nc4 Nd6 10. Nxd6 cxd6 11. c3 Qc7 12. Bg5 Nc5 13. Nd4 a6 14. Qd2 Ne6 15. Bh6 Qb6 16. Bxg7 Kxg7 17. Rac1 Bd7 18. h4 h5 19. Rfd1 Rad8 20. Rb1 Nc7 21. Qe3 Kh7 22. Qg5 f6 23. Qd2 e5 24. Nc2 Be6 1/2-1/2